00656cam a22002174a 4500008004100000020002200041245007700063260003400140300003300174500002000207504004100227650003600268650002400304650002300328650002500351700001700376700001800393003000100411005001700412040000900429  a0080434126 (hbk.)00aHuman factors for highway engineers /cedited by R. Fuller, J.A. Santos. aAmsterdam :bPergamon,c2002. axv, 325 p. :bill. ;c25 cm. aIncludes index. aIncludes bibliographical references. 0aAutomobile driversxPsychology. 0aAutomobile driving. 0aHuman engineering. 0aHighway engineering.1 aFuller, Ray.1 aSantos, J. A.20230123141110.0 cNUST